000 00574nam a2200229Ia 4500
003 OSt
005 20220928113715.0
006 a|||||r|||| 00| 0
007 ta
008 220927b |||||||| |||| 00| 0 eng d
024 _a26851
037 _cTextual
040 _aSDCL
_cSDCL
_beng
041 _2eng
_aeng
082 _aX:8M, M0
100 _aSahni I M
_9434610
245 0 _aModern office management
260 _aAllahabad
_bKitab Mahal
_c1980
300 _avii,331p
_ccm.
942 _hX:8M, M0
_cTEXL
_2CC
999 _c750916
_d750916